000 00742nam a2200205Ii 4500
003 JO-AjNU
008 230605s9999||||xx |||||||||||||| ||und||
040 _aJO-AjNU
_bara
_erda
_cJO-AjNU
041 _aara
050 1 4 _aBF408.1991
100 3 _aترجمة لجنة الترجمة والتعريب في دار الافاق الجديدة ,
_eauthor
_935427
245 0 0 _aكيف تصبح عبقريا : اختبارات تساعد على تطوير قدراتك
250 _aط3
264 3 1 _aبيروت:دار الجيل ،دار الافاق الجديدة ، 1991
300 _a133ص
336 _atext
_btxt
_2rdacontent
337 _aunmediated
_bn
_2rdamedia
338 _avolume
_bnc
_2rdacarrier
650 4 _aعبقرية
_935428
999 _aA14626
_c18194
_d18194